LEADER 01341nam 2200409 450 001 000002572 005 20070503173600.0 100 $a--------d1993----km-y0itay0103----ba 101 0 $aeng 102 $aGB 200 1 $aAnatolia$eland, men, and Gods in Asia Minor$fStephen Mitchell 200 1 $a1 $n0008176 210 $aOxford$cClarendon Press$d1993 215 $av.$d28 cm. 327 606 $aEllenismo 607 $aAnatolia$xStoria$z300 a. C.-600 676 $a956.1 702 1$aMitchell,$bStephen 801 0$aIT$bUniversità della Basilicata - B.I.A.$gRICA$2unimarc 912 $a000002572 996 $aAnatolia$971325 997 $aUNIBAS BAS $aMONLET BAS $aMONOGR BAS $aLETTERE CAT $aDILEO$b20$c19990906$lBAS01$h1612 CAT $c20000920$lBAS01$h1830 CAT $c20001010$lBAS01$h1633 CAT $c20050601$lBAS01$h1753 CAT $abatch$b01$c20050718$lBAS01$h1047 CAT $c20050718$lBAS01$h1106 CAT $c20050718$lBAS01$h1136 CAT $c20050718$lBAS01$h1151 CAT $aBATCH$b00$c20070503$lBAS01$h1736 FMT Z30 -1$lBAS01$LBAS01$mBOOK$1BASA1$APolo Storico-Umanistico$2DID$BDidattica$3FG/90286$9FG/90286$690286$5L90286$819990906$b1$eXVIII, 266 p. : ill.$f31$FDidattica Lettere$hVol. 1: The Celts in Anatolia and impact of Roman rule LEADER 01306nam0 22003373i 450 001 TO00636108 005 20231121125839.0 010 $a8824311512 100 $a20150121d1996 ||||0itac50 ba 101 | $aita 102 $ait 181 1$6z01$ai $bxxxe 182 1$6z01$an 200 1 $aFilosofia scienza e "praxis" del diritto$eidee per una critica della ragione giuridica$fGino Capozzi 205 $a3. ed 210 $aNapoli$cJovene$d1996 215 $a250 p.$d21 cm. 225 | $aSaggi di filosofia giuridica e politica$v4 410 0$1001CFI0171268$12001 $aSaggi di filosofia giuridica e politica$v4 606 $aFilosofia del diritto$2FIR$3RMLC001538$9I 700 1$aCapozzi$b, Gino$3CFIV102784$4070$0469425 790 1$aCapozzi$b, Luigi$f <1928- >$3CFIV242707$zCapozzi, Gino 790 1$aZoga$b, Cinzio P.$3CFIV242708$zCapozzi, Gino 801 3$aIT$bIT-01$c20150121 850 $aIT-FR0098 899 $aBiblioteca Area Giuridico Economica$bFR0098 912 $aTO00636108 950 0$aBiblioteca Area Giuridico Economica$d 53DSG 02/0268$e 53VM 0000204365 VM barcode:GIU000630. - Inventario:829VM$fA $h20010423$i20121204 977 $a 53 996 $aFilosofia, scienza e praxis del diritto$9890331 997 $aUNICAS